| 000 | 01004cam a2200301 a 4500 | ||
|---|---|---|---|
| 001 | 58558 | ||
| 003 | CO-BoRNBP | ||
| 005 | 20250826205047.0 | ||
| 007 | ta | ||
| 008 | 161003s2016 ck a br 000 fdspa | ||
| 020 | _a9789587244137 | ||
| 040 |
_aCO-BoBN _bspa _cCO-BoBN |
||
| 082 | 0 | 4 |
_aCo863.5 _223 |
| 100 | 1 |
_aArdila Jaramillo, Emma Lucía, _d1957- _9955 |
|
| 245 | 1 | 0 |
_aArañas en el pelo / _cEmma Lucía Ardila, Laura Gutiérrez Ardila ; [ilustradora, Melissa Díaz Gómez] |
| 250 | _a1a. ed. | ||
| 300 |
_a54 p. : _bil. col. ; _c20 cm |
||
| 336 |
_2rdacontent _atexto _btxt |
||
| 337 |
_2rdamedia _asin mediación _bn |
||
| 338 |
_2rdacarrier _avolumen _bnc |
||
| 500 | _aIncluye datos biográficos de los autores | ||
| 521 | 1 | _aPara niños de 8 años en adelante | |
| 650 | 1 | 4 |
_aNovela infantil colombiana _ySiglo XXI _2LEMB |
| 700 | 1 |
_aGutiérrez Ardila, Laura _963500 |
|
| 700 | 1 |
_aDíaz Gómez, Melissa, _eilustrador _963501 |
|
| 942 |
_2ddc _cBK |
||
| 990 |
_a2016-8318 _bLibros & Libros S.A. |
||
| 999 |
_c58558 _d58558 |
||